[Event "Aragon-chT Preferente Gr II"]
[Site "Aragon"]
[Date "2022.02.12"]
[Round "3.65"]
[White "Galicia Gracia, Pablo"]
[Black "Iglesias Fernandez, Luis"]
[Result "1/2-1/2"]
[WhiteElo "1868"]
[BlackElo "1856"]
[PlyCount "210"]
[EventDate "2022.01.29"]
[EventType "team-tourn"]
[EventRounds "9"]
[EventCountry "ESP"]
[SourceTitle "EXT 2024"]
[Source "ChessBase"]
[SourceDate "2023.10.10"]
[SourceVersion "1"]
[SourceVersionDate "2023.10.10"]
[SourceQuality "1"]
[WhiteTeam "Enroque Barbastro"]
[BlackTeam "Palacio de Pioneros III"]
[WhiteTeamCountry "ESP"]
[BlackTeamCountry "ESP"]

1. e4 g6 2. d4 Bg7 3. Nf3 d6 4. c3 Nf6 5. Bd3 0-0 6. 0-0 e5 7. Bg5 Nc6 8. Nbd2 h6 9. Bxf6 Qxf6 10. d5 Nd8 11. Nb3 Qe7 12. Nfd2 f5 13. Qe2 f4 14. f3 g5 15. c4 Rf6 16. Rac1 b6 17. Qf2 h5 18. h3 Rg6 19. Be2 Bf6 20. Rfd1 g4 21. fxg4 Bh4 22. Qf1 hxg4 23. Bxg4 Bxg4 24. hxg4 Bg3 25. Qf3 Qh4 26. Kf1 Rxg4 27. Ke2 Bh2 28. Nf1 Qg5 29. Rd2 Rxg2+ 30. Kd3 Rxd2+ 31. Nfxd2 Bg1 32. Nf1 Kf8 33. Rc2 Qh4 34. Rg2 Bc5 35. Rh2 Qe1 36. Nxc5 Qb1+ 37. Ke2 bxc5 38. Nd2 Qg1 39. Rh1 Qe3+ 40. Qxe3 fxe3 41. Kxe3 Rb8 42. b3 a5 43. Rh2 Ke7 44. Rh8 a4 45. Kd3 axb3 46. axb3 Rb7 47. Rh1 Nf7 48. Kc3 Rb8 49. Rg1 Rh8 50. Rg3 Rh4 51. b4 cxb4+ 52. Kxb4 Rh2 53. Kc3 Rh4 54. Kb4 Kf6 55. Kc3 Ng5 56. Kd3 Rf4 57. Ke3 Kg6 58. Rg1 Kh5 59. Rh1+ Kg4 60. Rg1+ Kh4 61. Rg2 Rf8 62. Rg1 Ra8 63. Rc1 Ra3+ 64. Ke2 Nh3 65. Rc2 Nf4+ 66. Kf2 Kg4 67. c5 Nd3+ 68. Ke2 Nxc5 69. Rc1 Ra2 70. Ke3 Ra3+ 71. Ke2 Rg3 72. Rh1 Na4 73. Rh7 Rc3 74. Rg7+ Kh5 75. Rh7+ Kg6 76. Rh1 Nc5 77. Rg1+ Kf7 78. Rh1 Rg3 79. Rh7+ Rg7 80. Rh3 Ke7 81. Ke3 Rg4 82. Rh7+ Kd8 83. Rh8+ Kd7 84. Rh7+ Kc8 85. Rh8+ Kb7 86. Rh1 Rg3+ 87. Ke2 Na4 88. Rb1+ Kc8 89. Rh1 Nc3+ 90. Kf1 Re3 91. Rh4 Kb7 92. Rg4 Ka6 93. Rg7 Nxe4 94. Nxe4 Rxe4 95. Rxc7 Rf4+ 96. Ke2 Rf6 97. Rc1 Kb5 98. Rc6 Re6 99. Ke3 e4 100. Rb6+ Kxb6 101. dxe6 Kc6 102. Kxe4 Kc7 103. Kd4 Kd8 104. Kd5 Ke7 105. Kd4 Ke8 1/2-1/2